|
|
|
|
| LEADER |
00596cam a2200193 7i4500 |
| 001 |
0000015457 |
| 005 |
20060516090000.0 |
| 090 |
0 |
0 |
|a KORS 338.7025
|b KOM
|
| 245 |
0 |
0 |
|a Kompass :
|b Korea 2004.
|
| 250 |
0 |
0 |
|a 13th ed.
|
| 260 |
0 |
0 |
|a Seoul:
|b Kompass Korea,
|c 2004.
|
| 300 |
# |
# |
|a (v.p).
|
| 500 |
0 |
0 |
|a Company information
|
| 500 |
0 |
0 |
|a Products and services
|
| 650 |
0 |
0 |
|a Business --
|x Directories --
|z Korea
|
| 650 |
0 |
0 |
|a Exporters --
|x Directories --
|z Korea
|
| 650 |
0 |
0 |
|a Importers --
|x Directories --
|z Korea
|
| 651 |
0 |
0 |
|a Korea
|
| 999 |
|
|
|a PNG000230B
|b Directories
|c Countries
|e MATRADE Northern Regional Office
|